| 000 | 01181nam a22003497a 4500 | ||
|---|---|---|---|
| 003 | CHAP | ||
| 005 | 20220817042857.0 | ||
| 008 | 971013s1976 r 00010 d | ||
| 010 | _a58595 | ||
| 011 | _a59567 | ||
| 035 | _a63726 | ||
| 040 | _cCHAP | ||
| 082 |
_a636.085 _bS8 |
||
| 100 | 0 | 0 |
_aSwan, Henry. _9110849 |
| 245 | _aFeed energy sources for livestock | ||
| 260 |
_aLondon : _bButterworths, _c1976 |
||
| 300 |
_a158 p. _b: gráfs. |
||
| 490 | _aStudies in the agricultural and food science | ||
| 590 |
_aBATCH-UPD _b10 _c20130110 _lUCH01 _h0407 |
||
| 590 |
_aBATCH-UPD _b10 _c20130110 _lUCH01 _h2019 |
||
| 590 |
_aBATCH-UPD _b10 _c20130410 _lUCH01 _h0041 |
||
| 590 |
_aBATCH-UPD _b10 _c20130914 _lUCH01 _h1845 |
||
| 590 |
_aCONVERSION _b10 _c20130109 _lUCH01 _h1331 |
||
| 650 | 1 | 4 |
_aAlimentos y alimentacion del ganado. _94326 |
| 650 | 1 | 4 | _aNutrición animal. |
| 700 | 0 |
_aLewis, Dyfed. _966511 |
|
| 711 | 0 |
_aNutrition Conference for Feed Manufacturets (9 : 1975 : Nottingham) _982298 |
|
| 830 | 0 |
_aStudies in the agricultural and food science _9110083 |
|
| 901 | _aBK | ||
| 942 | _cLIBRO | ||
| 949 |
_a636.085 S8 _bBC _cLIBRO _d33724000274775 _eLIBRO _h42129 _i63726 _si _t192.00 |
||
| 999 |
_c58595 _d58595 |
||